[Event "Vall del Tenes op 5th"]
[Site "Vall del Tenes"]
[Date "2016.05.13"]
[Round "6"]
[White "Salinas Duffo, Gaspar"]
[Black "Alonso Liarte, Ivan"]
[Result "1-0"]
[WhiteElo "1735"]
[BlackElo "1507"]
[PlyCount "70"]
[EventDate "2016.04.08"]
[EventType "swiss"]
[EventRounds "8"]
[EventCountry "ESP"]
[SourceTitle "CBM 172 Extra"]
[Source "ChessBase"]
[SourceDate "2016.06.21"]
[SourceVersion "1"]
[SourceVersionDate "2016.06.21"]
[SourceQuality "1"]

1. d4 c5 2. d5 d6 3. e4 Nf6 4. Nc3 g6 5. Bc4 Bg7 6. h3 a6 7. Nf3 0-0 8. 0-0 b5 9. Be2 b4 10. Nb1 Nxe4 11. Qd3 Bf5 12. Qc4 Nf6 13. Bd3 Bxd3 14. Qxd3 Nbd7 15. c4 Qc7 16. Re1 Nb6 17. Nbd2 Na4 18. Rb1 Nb6 19. b3 a5 20. a4 bxa3 21. Bxa3 Rfb8 22. Bb2 a4 23. bxa4 Nxa4 24. Bxf6 Bxf6 25. Ne4 Bg7 26. Nfg5 Rxb1 27. Rxb1 Nb2 28. Qf3 f5 29. Ne6 Qb7 30. Nxg7 Kxg7 31. Qc3+ Kf7 32. Rxb2 Qa6 33. Ng5+ Kg8 34. Ne6 Kf7 35. Qg7+ Ke8 1-0

[Event "Vall del Tenes op 5th"]
[Site "Vall del Tenes"]
[Date "2016.04.29"]
[Round "4"]
[White "Salinas Duffo, Gaspar"]
[Black "Garcia Torres, Adolfo"]
[Result "0-1"]
[WhiteElo "1735"]
[BlackElo "1457"]
[PlyCount "56"]
[EventDate "2016.04.08"]
[EventType "swiss"]
[EventRounds "8"]
[EventCountry "ESP"]
[SourceTitle "CBM 172 Extra"]
[Source "ChessBase"]
[SourceDate "2016.06.21"]
[SourceVersion "1"]
[SourceVersionDate "2016.06.21"]
[SourceQuality "1"]

1. d4 Nf6 2. Nf3 d5 3. Bf4 Bf5 4. e3 Nbd7 5. Be2 e6 6. 0-0 Be7 7. Nbd2 Nh5 8. Bg5 Bxg5 9. Nxg5 Qxg5 10. Bxh5 Nf6 11. Bf3 h5 12. c4 c6 13. cxd5 exd5 14. Re1 Ne4 15. g3 Nxd2 16. Qxd2 h4 17. Kg2 hxg3 18. fxg3 0-0-0 19. Rh1 Bh3+ 20. Kg1 Rde8 21. Re1 Re7 22. Qc3 Rhe8 23. Kf2 Kb8 24. e4 dxe4 25. Bd1 e3+ 26. Ke2 Bg4+ 27. Kd3 e2 28. Ba4 Re3+ 0-1

[Event "Vall del Tenes op 4th"]
[Site "Santa Eulalia de Roncana"]
[Date "2015.04.24"]
[Round "3"]
[White "Valls Matheu, Albert"]
[Black "Salinas Duffo, Gaspar"]
[Result "0-1"]
[WhiteElo "1665"]
[BlackElo "1708"]
[PlyCount "132"]
[EventDate "2015.04.10"]
[EventType "swiss"]
[EventRounds "8"]
[EventCountry "ESP"]
[SourceTitle "CBM 166 Extra"]
[Source "ChessBase"]
[SourceDate "2015.06.18"]
[SourceVersion "1"]
[SourceVersionDate "2015.06.18"]
[SourceQuality "1"]

1. e4 e5 2. Nf3 Nc6 3. Bc4 Be7 4. 0-0 Nf6 5. h3 0-0 6. d3 a6 7. a3 d5 8. Ba2 dxe4 9. dxe4 Nxe4 10. Qxd8 Rxd8 11. Nbd2 Nxd2 12. Nxd2 h6 13. c3 Bg5 14. Rd1 e4 15. Bb3 e3 16. Ne4 exf2+ 17. Nxf2 Rxd1+ 18. Bxd1 Be7 19. Bf4 Bd6 20. Nd3 Bxf4 21. Nxf4 Ne7 22. Bc2 Bf5 23. Re1 Bxc2 24. Rxe7 Rc8 25. Nd5 c6 26. Nb4 Bf5 27. Rxb7 a5 28. Na6 Rd8 29. Nc5 Rd2 30. Rb6 Rd1+ 31. Kh2 Rb1 32. Nb7 a4 33. Nd6 Bd3 34. Rb8+ Kh7 35. Nxf7 Bb5 36. Rh8+ Kg6 37. Ne5+ Kf5 38. Nf7 Rxb2 39. Nd6+ Kg6 40. c4 Rd2 41. cxb5 Rxd6 42. Rc8 cxb5 43. Rc3 Rd4 44. Rc6+ Kh7 45. Rb6 Rd3 46. Rxb5 Rxa3 47. Rb2 Ra1 48. Rc2 a3 49. h4 a2 50. Kg3 Kg6 51. Kg4 h5+ 52. Kf4 Rf1+ 53. Kg3 a1Q 54. Rc6+ Kh7 55. Kh2 Rh1+ 56. Kg3 Qa3+ 57. Kf2 Rxh4 58. g3 Rb4 59. Re6 Rb2+ 60. Re2 Rxe2+ 61. Kxe2 Qxg3 62. Kd2 Kg6 63. Ke2 Kf5 64. Kf1 Qh2 65. Ke1 Ke4 66. Kf1 Kf3 0-1

[Event "Llinars del Valles op 5th"]
[Site "Llinars del Valles"]
[Date "2013.11.08"]
[Round "5"]
[White "Veciana Francesch, Josep"]
[Black "Salinas Duffo, Gaspar"]
[Result "1-0"]
[WhiteElo "1883"]
[BlackElo "1700"]
[PlyCount "95"]
[EventDate "2013.10.04"]
[EventType "swiss"]
[EventRounds "8"]
[EventCountry "ESP"]
[SourceTitle "CBM 157 Extra"]
[Source "ChessBase"]
[SourceDate "2013.12.19"]
[SourceVersion "1"]
[SourceVersionDate "2013.12.19"]
[SourceQuality "1"]

1. e4 e5 2. Nf3 Nc6 3. Bb5 Bc5 4. Bxc6 bxc6 5. Nxe5 Qf6 6. Nf3 d6 7. h4 Ne7 8. 0-0 0-0 9. d4 Bb6 10. Bg5 Qe6 11. Re1 h6 12. d5 Qd7 13. Bxe7 Qxe7 14. dxc6 Ba6 15. Nc3 Qd8 16. Nd5 Re8 17. a4 Bc4 18. Nxb6 axb6 19. b3 Be6 20. c4 Qf6 21. Qd4 Qxd4 22. Nxd4 f6 23. Nb5 Rec8 24. Nc3 Bf7 25. Re2 Bg6 26. Nd5 Kf8 27. f3 f5 28. e5 Be8 29. Nb4 Ra5 30. Rae1 Rc5 31. exd6 cxd6 32. Nd5 Bxc6 33. Nxb6 Rb8 34. b4 Re5 35. Rxe5 dxe5 36. a5 e4 37. Kf2 exf3 38. gxf3 Kg8 39. Re6 Bb7 40. c5 f4 41. c6 Bxc6 42. Rxc6 Rd8 43. Nc4 Rb8 44. a6 Rxb4 45. a7 Ra4 46. Rc8+ Kh7 47. a8Q Rxa8 48. Rxa8 1-0

[Event "Llinars del Valles op 5th"]
[Site "Llinars del Valles"]
[Date "2013.10.04"]
[Round "1"]
[White "Argemi Camp, Jaume"]
[Black "Salinas Duffo, Gaspar"]
[Result "1-0"]
[WhiteElo "1890"]
[BlackElo "1700"]
[PlyCount "73"]
[EventDate "2013.10.04"]
[EventType "swiss"]
[EventRounds "8"]
[EventCountry "ESP"]
[SourceTitle "CBM 157 Extra"]
[Source "ChessBase"]
[SourceDate "2013.12.19"]
[SourceVersion "1"]
[SourceVersionDate "2013.12.19"]
[SourceQuality "1"]

1. e4 e5 2. g3 Nc6 3. d3 Bc5 4. Bg2 Nf6 5. Nf3 0-0 6. 0-0 d6 7. c3 Bg4 8. a4 a5 9. Qb3 h6 10. Qxb7 Ne7 11. Qb3 Bb6 12. Nbd2 Rb8 13. Qc2 Qd7 14. Nc4 Bh3 15. Nxb6 cxb6 16. Qd1 Bxg2 17. Kxg2 Nc6 18. Nh4 d5 19. Qf3 d4 20. Bxh6 Ne7 21. Bg5 Rfc8 22. Bxf6 gxf6 23. Qxf6 dxc3 24. bxc3 Rxc3 25. Qxe5 Rbc8 26. d4 Nc6 27. Qg5+ Kf8 28. Nf5 f6 29. Qxf6+ Kg8 30. d5 Rc2 31. dxc6 Qxf5 32. exf5 R2xc6 33. Qg5+ Kf7 34. Rad1 Rf6 35. Rd7+ Ke8 36. Qg7 Rc2 37. Rfd1 1-0